<?xml version="1.0" encoding="UTF-8"?>
<collection xmlns="http://www.loc.gov/MARC21/slim">
  <record>
    <leader>00000nam  2200000   4500</leader>
    <controlfield tag="001">INLIS000000000008759</controlfield>
    <controlfield tag="005">20200616085622</controlfield>
    <datafield tag="035" ind1="#" ind2="#">
      <subfield code="a">0010-0620000045</subfield>
    </datafield>
    <controlfield tag="007">ta</controlfield>
    <controlfield tag="008">200616################g##########0#ind##</controlfield>
    <datafield tag="020" ind1="#" ind2="#">
      <subfield code="a">979960592x</subfield>
    </datafield>
    <datafield tag="082" ind1="#" ind2="#">
      <subfield code="a">307.1</subfield>
    </datafield>
    <datafield tag="084" ind1="#" ind2="#">
      <subfield code="a">307.1 Rit m</subfield>
    </datafield>
    <datafield tag="100" ind1=" " ind2="#">
      <subfield code="a">Ritong Tafbua, Jhon</subfield>
    </datafield>
    <datafield tag="245" ind1="1" ind2="#">
      <subfield code="a">MHB Marsipature Hutana Be: Pembangunan Desa Menuju Otonomi Daerah /</subfield>
      <subfield code="c">Jhon Tafbu Ritonga</subfield>
    </datafield>
    <datafield tag="250" ind1="#" ind2="#">
      <subfield code="a">Cet.1</subfield>
    </datafield>
    <datafield tag="260" ind1="#" ind2="#">
      <subfield code="a">Jakarta :</subfield>
      <subfield code="b">PT. Pustaka Quantum,</subfield>
      <subfield code="c">2000</subfield>
    </datafield>
    <datafield tag="300" ind1="#" ind2="#">
      <subfield code="a">xxxvi, 176 hlm. ;</subfield>
      <subfield code="c">19 cm</subfield>
    </datafield>
    <datafield tag="650" ind1="#" ind2="#">
      <subfield code="a">Pembangunan Desa</subfield>
    </datafield>
    <datafield tag="520" ind1="#" ind2="#">
      <subfield code="a">Bagi masyarakat Sumatera Utara pebangunan yang dilakukan atas prakarsa daerah bukanlah sesuatu yang baru. Justru inilah sebenarnya yang ingin dikembangkan dengan melaksanakan prinsip MHB. Bukan hanya oleh pemerintah dan masyarakat setempat, tetapi mengikut-aktifkan para perantau yang berasal dari desa atau mempunyai hubungan historis dan kultural dengan desa. Oleh karena itu pada dasarnya pembangunan daerah dengan Gerakan Pembangunan Desa Terpadu Marsipatur Hutana Be yang telah dimulai sejak tahun 1989 di Sumatera Utara merupakan bagian dari pada pelaksanaan otonomi daerah.</subfield>
    </datafield>
    <datafield tag="856" ind1="#" ind2="#">
      <subfield code="a">Perpustakaan Lembaga Administrasi Negara</subfield>
    </datafield>
    <datafield tag="990" ind1="#" ind2="#">
      <subfield code="a">01085426</subfield>
    </datafield>
  </record>
</collection>
